| 000 | 00477nam a2200181Ia 4500 | ||
|---|---|---|---|
| 005 | 20250508160451.0 | ||
| 008 | 008 250505s9999 xx 000 0 eng d | ||
| 037 | _aTextual | ||
| 040 |
_aFEDL _beng _cFEDL |
||
| 041 |
_aeng _2eng |
||
| 084 |
_aB, KAZ _qFEDL |
||
| 100 | _aChakravarty Basudha | ||
| 245 | 0 | _aKazi nazrul islam | |
| 260 |
_aNew Delhi, India _bNational Book Trust _c1968 |
||
| 300 | _a101p. | ||
| 942 |
_cTEXL _hB, KAZ |
||
| 999 |
_c1364784 _d1364784 |
||